The Kinks: Albums by Cover - Statistics

General Stats
  • This quiz has been taken 11 times
  • The average score is 11 of 25
Answer Stats
Picture Hint Answer % Correct
1964 Kinks
89%
1969 Arthur (Or the Decline and Fall of the British Empire)
67%
1965 Kinda Kinks
56%
1978 Misfits
56%
1971 Percy
56%
1967 Something Else by the Kinks
56%
1965 The Kink Kontroversy
56%
1968 The Kinks Are the Village Green Preservation Society
56%
1966 Face to Face
44%
1970 Lola Versus Powerman and the Moneygoround, Part One
44%
1971 Muswell Hillbillies
44%
1983 State of Confusion
44%
1975 The Kinks Present Schoolboys in Disgrace
44%
1981 Give the People What They Want
33%
1979 Low Budget
33%
1973 Preservation Act 1
33%
1974 Preservation Act 2
33%
1977 Sleepwalker
33%
1975 The Kinks Present a Soap Opera
33%
1989 UK Jive
33%
1972 Everybody's in Show-Biz
22%
1965 Kinks-Size
22%
1993 Phobia
22%
1986 Think Visual
22%
1984 Word of Mouth
22%
No matching quizzes found
Score Distribution
Percent of People with Each Score
Percentile by Number Answered
Your Score History
You have not taken this quiz